5 Letter-Word Scramble - Statistics

General Stats
  • This quiz has been taken 101 times
  • The average score is 10 of 15
Answer Stats
Scrambled Unscrambled % Correct
Rownb Brown
97%
Kqiuc Quick
97%
Labkc Black
96%
Euqne Queen
95%
Rcktu Truck
90%
Bezar Zebra
81%
Tanir Train
67%
Aebsr Bears
55%
Retes Trees
51%
Dvioe Video
49%
Grith Right
48%
Rhont North
45%
Orinb Robin
41%
Rivsu Virus
40%
Roeso Oreos
33%
No matching quizzes found
Score Distribution
Percent of People with Each Score
Percentile by Number Answered
Your Score History
You have not taken this quiz